| 000 | 00569nab a2200157Ia 4500 | ||
|---|---|---|---|
| 003 | ES-SlBCS | ||
| 005 | 20220602105809.0 | ||
| 008 | 140529s1997 xxu||||| |||| 00| 0 spa d | ||
| 041 | _aspa | ||
| 100 | 1 |
_aMuñoz-Repiso, Mercedes _9298858 |
|
| 245 | 0 | 0 |
_aEl acceso a la Universidad en Europa: problema común, soluciones diferentes _c Mercedes Muñoz-Repiso, Irene Arrimadas Gómez |
| 650 | 0 | 4 |
_aAcceso a la Universidad-Europa _9300276 |
| 773 | 0 |
_tRevista de Educacion _gnº. 314, 1997, págs. 115-135 _wRev360 |
|
| 700 | 1 |
_aArrimadas Gómez, Irene _9255152 |
|
| 942 | _cAR | ||
| 999 |
_c708434 _d708434 |
||